|
|
|
|
| LEADER |
00000nam0a2200000 4500 |
| 001 |
260829 |
| 005 |
20231031221313.0 |
| 035 |
|
|
|a (RuTPU)RU\TPU\book\283799
|
| 090 |
|
|
|a 260829
|
| 100 |
|
|
|a 20140519d1988 k y0rusy50 ca
|
| 101 |
0 |
|
|a rus
|
| 102 |
|
|
|a RU
|
| 105 |
|
|
|a y z 001zy
|
| 200 |
1 |
|
|a Хозяйственный расчет в ремонтной службе производственного объединения
|f А. Б. Шиндерман
|
| 210 |
|
|
|a Свердловск
|c Изд-во Уральского ун-та
|d 1988
|
| 215 |
|
|
|a 84 с.
|
| 320 |
|
|
|a Библиогр.: с. 71-73.
|
| 333 |
|
|
|a Исключено из фонда НТБ ТПУ
|
| 700 |
|
1 |
|a Шиндерман
|b А. Б.
|g Александр Борисович
|
| 801 |
|
1 |
|a RU
|b 63413507
|c 20140519
|
| 801 |
|
2 |
|a RU
|b 63413507
|c 20161201
|g RCR
|
| 942 |
|
|
|c BK
|